Brand Logos That Are Purple - Statistics

General Stats
  • This quiz has been taken 102 times
  • The average score is 8 of 16
Answer Stats
Picture Answer % Correct
Yahoo
99%
Taco Bell
98%
FedEx
96%
Kahoot!
75%
Twitch
74%
Cadbury's
67%
Wimbledon
58%
Milka
55%
English Premier League
52%
Life360
29%
Natwest
15%
Premier Inn
13%
Wizz Air
13%
Wayfair
12%
Viber
9%
Ocado
8%
No matching quizzes found
Score Distribution
Percent of People with Each Score
Percentile by Number Answered
Your Score History
You have not taken this quiz